जनसंख्या भूगोल / (Record no. 64282)

MARC details
000 -LEADER
fixed length control field 00770nam a22001817a 4500
005 - DATE AND TIME OF LATEST TRANSACTION
control field 20120323120134.0
020 ## - INTERNATIONAL STANDARD BOOK NUMBER
Terms of availability 180.00
International Standard Book Number 8127200670
035 ## - SYSTEM CONTROL NUMBER
System control number B-83156
037 ## - SOURCE OF ACQUISITION
Source of stock number/acquisition
Stock number dpl
082 ## - DEWEY DECIMAL CLASSIFICATION NUMBER
Classification number 304.6
100 ## - MAIN ENTRY--PERSONAL NAME
Personal name चान्दना,आर.सी.
245 1# - TITLE STATEMENT
Title जनसंख्या भूगोल /
Statement of responsibility, etc आर.सी.चान्दना
260 ## - PUBLICATION, DISTRIBUTION, ETC. (IMPRINT)
Place of publication, distribution, etc नई दिल्ली
Name of publisher, distributor, etc कल्याणी पब्लि.
Date of publication, distribution, etc 2004
270 ## - ADDRESS
Address
City
Postal code
Telephone number
300 ## - PHYSICAL DESCRIPTION
Extent 389पृ.
Dimensions 22सेमी (अजिल्द)
942 ## - ADDED ENTRY ELEMENTS (KOHA)
Institution code [OBSOLETE] dpl
Item type Hindi Books
Call number prefix
Source of classification or shelving scheme Dewey Decimal Classification
Classification part 304.6
Call number suffix चान्दना
Holdings
Withdrawn status Lost status Not for loan Collection code Home library Current library Date acquired Cost, normal purchase price Full call number Barcode Cost, replacement price Koha item type
      Non-fiction Sarojini Nagar Sarojini Nagar 23/03/2012 180.00 304.6 चान्दना B-83156 180.00 Hindi Books

© Delhi Public Library
Hit Counter
free hit counter